000 01024nam a22002537a 4500
999 _c5709
_d5709
003 OSt
005 20251016083605.0
008 251016b ||||| |||| 00| 0 eng d
020 _a9781474927802
_qbook set
040 _cKH8
082 _aFIC DIC
100 _aDickens, Charles,
_eauthor.
245 _aOliver Twist /
_cCharles Dickens : retold by Mary Sebag- Montefiore and illustrated by Barry Ablett.
260 _aEngland ;
_bUsborne Publishing Ltd ,
_c2006.
300 _a64 pages :
_bcolor illustrations ;
_c20 cm.
490 _aUsborne Young Reading
_vseries three
520 _aOrphaned Oliver lives in a cold, grim workhouse, until the day he dares to ask for more. Escaping to London, Oliver finds new friends and thinks he has a home at last. But his troubles are only just beginning...
650 _aEasy reading
_vfiction
650 _aStory book
_vfiction
700 _aSebag - Montefiore, Mary,
_eauthor.
700 _aAblett, Barry,
_eillustrator.
830 _aUsborne Young Reading
942 _2ddc
_cFIC